Statistics for All DaBaby Songs

Click here to take the quiz!

General Stats

  • This quiz has been taken 198 times
    (4 since last reset)
  • The average score is 4 of 200

Answer Stats

AlbumSong% Correct
KIRKBop
100%
Baby on BabySuge
75%
Single #12Ball If I Want To
50%
Blame It on BabyRockstar
50%
KIRKVibez
50%
Blame It on BabyGo
25%
Baby on BabyGoin Baby
25%
Blame It on BabyJump
25%
Single #13Red Light Green Light
25%
So Disrespectful10 Bands
0%
NonFiction1of1
0%
Blank Blank21
0%
Baby Talk 22:45
0%
Blank Blank4x
0%
My Brother's Keeper (Long Live G)8 Figures
0%
Back on My Baby Jesus Sh*tAbove the Rim (Remix)
0%
Blame It on BabyAmazing Grace
0%
The 10 Minute MixtapeAntidote (Remix)
0%
Control the Streets, Volume 2Baby
0%
NonFictionBaby Jesus
0%
God's Work ResurrectedBaby Jesus (Remix)
0%
Single #4Baby on Baby Out Now Freestyle
0%
Baby on BabyBaby Sitter
0%
Baby on BabyBackend
0%
Back on My Baby Jesus Sh*tBack to Cali
0%
Baby TalkBad and Boujee
0%
Baby Talk 4Bank Account (Remix)
0%
BETTER THAN YOUBBL
0%
Blank BlankBeeper
0%
Blank BlankBest Friend
0%
The 10 Minute MixtapeBest Friend (Freestyle)
0%
BETTER THAN YOUBestie
0%
My Brother's Keeper (Long Live G)Bidness
0%
Billion Dollar BabyBig Bag
0%
Billion Dollar BabyBig Business
0%
Billion Dollar BabyBig Butt
0%
Blame It on BabyBillboard Baby
0%
Blame It on BabyBlame It on Baby
0%
Blank BlankBlank Blank
0%
Blame It on BabyBlind
0%
Baby Talk 3Bodak Yellow (Remix)
0%
My Brother's Keeper (Long Live G)Brother's Keeper
0%
Blame It on BabyCall It Even
0%
NonFictionCan't Handle Her
0%
Blame It on BabyCan't Stop
0%
Baby TalkCaroline (Remix)
0%
Baby on BabyCarpet Burn
0%
Baby on BabyCelebrate
0%
Blame It on BabyChampion
0%
God's WorkComin' Over
0%
Billion Dollar BabyComin Over (Remix)
0%
Single #8Coochie Bag
0%
BETTER THAN YOUCount On Me
0%
Single #3Crazy
0%
God's WorkCrazy Cousin (Interlude)
0%
BETTER THAN YOUCreeper
0%
God's Work ResurrectedDaBaby (Intro)
0%
Baby on BabyDeal Wit It
0%
Blank BlankDeserve It
0%
So DisrespectfulDiamonds
0%
NonFictionDolo
0%
The 10 Minute MixtapeDon't (Remix)
0%
Baby Talk 2Draco
0%
Blame It on BabyDrop
0%
Single #6Duck Sauce
0%
Baby TalkFake Love (Remix)
0%
God's WorkFamily
0%
Blame It on BabyFind My Way
0%
Baby Talk 2First Day Out
0%
SingleF**kYouTalmBout Freestyle
0%
Billion Dollar BabyFlavor
0%
So DisrespectfulFlick of da Wrist
0%
Back on My Baby Jesus Sh*tFlip Phone
0%
Baby Talk 5For the Baby
0%
Baby Talk 5For the Summer
0%
God's WorkFortune
0%
So DisrespectfulFree My Cousin
0%
Back on My Baby Jesus Sh*tFresh
0%
CALL DA FIREMANGHETTO GIRLS>>>>
0%
Blame It on BabyGo First
0%
Back on My Baby Jesus Sh*tGorilla Glue
0%
KIRKGospel
0%
Single #15GRAMMY PARTY
0%
Single #7Gucci Bag Latina
0%
Baby Talk 4Gucci Gang (Remix)
0%
My Brother's Keeper (Long Live G)Gucci Peacoat
0%
My Brother's Keeper (Long Live G)Handgun
0%
God's Work | God's Work ResurrectedHappy
0%
Baby Talk 4Hardaway (Remix)
0%
BETTER THAN YOUHead Off
0%
BETTER THAN YOUHit
0%
The 10 Minute MixtapeHotline Bling (Remix)
0%
NonFictionI Ain't Gon Sweat It
0%
Baby Talk 4Ice Tray (Remix)
0%
NonFictionIDGAF
0%
Single #5I'm a Star
0%
So DisrespectfulI Need You
0%
KIRKIntro
0%
Billion Dollar BabyIntro (Billion Dollar Baby)
0%
So DisrespectfulIntro (So Disrespectful)
0%
KIRKiPhone
0%
Baby Talk 5Itch
0%
NonFictionJesus III
0%
Baby on BabyJoggers
0%
The 10 Minute MixtapeJump Man (Remix)
0%
Baby Talk 5Kujo
0%
Back on My Baby Jesus Sh*tLick
0%
God's Work | God's Work ResurrectedLight Show
0%
Baby TalkLight Show (Remix)
0%
Blame It on BabyLightskin Sh*t
0%
So DisrespectfulLike a Bird (Interlude)
0%
Billion Dollar BabyLike She Love Me
0%
BETTER THAN YOULittle to a Lot
0%
Baby Talk 2Location
0%
Single #14Lonely
0%
Baby Talk 3Magnolia (Remix)
0%
So DisrespectfulMake Sum Shake
0%
So DisrespectfulMarch Madness
0%
Single #11Masterpiece
0%
Blank BlankMilli
0%
Single #2Mini Van
0%
NonFictionMoney Fetish
0%
My Brother's Keeper (Long Live G)More Money More Problems
0%
Back on My Baby Jesus Sh*tMr. Clean
0%
Baby Talk 4My Dawg (Remix)
0%
Blame It on BabyNasty
0%
BETTER THAN YOUNeighborhood Superstar
0%
Blank BlankNext Song
0%
So DisrespectfulNo Compadre
0%
Blame It on BabyNo Dribble
0%
Back on My Baby Jesus Sh*tNo Hook
0%
Baby Talk 5No Love
0%
Blank BlankNo Tears
0%
Back on My Baby Jesus Sh*tNumber 2
0%
KIRKOff the Rip
0%
Baby Talk 5Off Top
0%
God's WorkOld Friends
0%
So DisrespectfulOne Time
0%
BETTER THAN YOUOn This Line
0%
Lil Boat 3Oprah's Bank Account
0%
Single #9Panini (DaBaby Remix)
0%
Blame It on BabyPeep Hole
0%
Blame It on BabyPick Up
0%
Baby on BabyPony
0%
God's WorkPoppin
0%
KIRKPop Star
0%
Blame It on BabyPractice
0%
KIRKProlly Heard
0%
Back on My Baby Jesus Sh*tPull Up Music
0%
KIRKRaw Sh*t
0%
KIRKReally
0%
Billion Dollar BabyRight Now
0%
Blame It on BabySad Sh*t
0%
CALL DA FIREMANSELLIN CRACK
0%
Baby TalkSex with Me (Remix)
0%
CALL DA FIREMANSHAKE SUMN
0%
My Brother's Keeper (Long Live G)Shanyah
0%
Single #10SHUT UP
0%
Billion Dollar BabySide Hoes
0%
God's WorkSpecial
0%
Baby TalkSpend It (Remix)
0%
God's Work | God's Work ResurrectedSquad Goals
0%
Back on My Baby Jesus Sh*tSwitch
0%
BETTER THAN YOUSyracuse
0%
Baby on BabyTaking It Out
0%
Blame It on BabyTalk About It
0%
Baby Talk 5Tax Time
0%
Baby Talk 3The Race (Remix)
0%
KIRKThere He Go
0%
Baby Talk 3The Story of OJ (Remix)
0%
God's Work ResurrectedThe Wave
0%
God's WorkThrow Back
0%
Blame It on BabyTLC
0%
Baby Talk 5Today (Intro)
0%
KIRKToes
0%
Baby TalkToo Much Sauce (Remix)
0%
God's Work ResurrectedTrash Bag
0%
Blame It on BabyTrouble
0%
Baby Talk 2T Shirt
0%
Baby on BabyTupac
0%
BETTER THAN YOUTurbo
0%
Baby Talk 3Unforgettable (Remix)
0%
Baby Talk 5Up the Street
0%
Baby Talk 5Usher
0%
God's Work ResurrectedWait Up
0%
Blank BlankWalker Texas Ranger
0%
So DisrespectfulWalk In
0%
So DisrespectfulWatch Out
0%
Billion Dollar BabyWater
0%
Back on My Baby Jesus Sh*tWebbie
0%
Billion Dollar BabyWet
0%
Baby Talk 2Who Shot Ya
0%
God's WorkWho Working Harder
0%
BETTER THAN YOUWiFi
0%
Baby Talk 3Wild Thoughts (Remix)
0%
Single #16WONDER WOMAN
0%
KIRKXXL
0%

Score Distribution

Percentile by Number Answered

Percent of People with Each Score

Your Score History

You have not taken this quiz since the last reset